[Event "GER-chT U20 Girls"]
[Site "Magdeburg"]
[Date "2023.12.29"]
[Round "6.1"]
[White "Hallfarth, Luise"]
[Black "Ludwig, Lea"]
[Result "1-0"]
[WhiteElo "1453"]
[BlackElo "1333"]
[PlyCount "85"]
[EventDate "2023.12.26"]
[EventType "team-swiss"]
[EventRounds "7"]
[EventCountry "GER"]
[SourceTitle "CB03_2024"]
[SourceDate "2024.01.17"]
[SourceVersion "1"]
[SourceVersionDate "2024.01.17"]
[SourceQuality "1"]
[WhiteTeam "Nordhorn Blanke"]
[BlackTeam "Lichtenberg Borussia"]
[WhiteTeamCountry "GER"]
[BlackTeamCountry "GER"]

1. e4 e5 2. Nf3 Nc6 3. d4 exd4 4. Nxd4 Nxd4 5. Qxd4 d6 6. Nc3 Nf6 7. Bd2 b6 8. h3 Bb7 9. 0-0-0 Qd7 10. e5 dxe5 11. Qxe5+ Be7 12. Bf4 Qe6 13. Qxc7 Qc8 14. Bb5+ Kf8 15. f3 Qxc7 16. Bxc7 Rc8 17. Be5 Bc6 18. Rhe1 Bxb5 19. Nxb5 a6 20. Nc7 a5 21. Nd5 Nxd5 22. Rxd5 f6 23. Bd6 Bxd6 24. Rxd6 Rb8 25. Red1 Kf7 26. Rd7+ Kg6 27. R1d4 h5 28. h4 Rhg8 29. g4 Kh6 30. R4d6 hxg4 31. fxg4 Rgf8 32. a3 Kh7 33. Kd2 Kg8 34. Re7 Rfd8 35. Rdd7 Rxd7+ 36. Rxd7 Kh7 37. Rd6 Kg8 38. Kd3 Kf8 39. Kd4 Ke7 40. Kd5 a4 41. b3 axb3 42. cxb3 b5 43. Kc5 1-0

[Event "GER-chT U20 Girls"]
[Site "Magdeburg"]
[Date "2023.12.28"]
[Round "4.4"]
[White "Ali, Maha"]
[Black "Ludwig, Lea"]
[Result "1/2-1/2"]
[WhiteElo "1411"]
[BlackElo "1333"]
[PlyCount "88"]
[EventDate "2023.12.26"]
[EventType "team-swiss"]
[EventRounds "7"]
[EventCountry "GER"]
[SourceTitle "CB03_2024"]
[SourceDate "2024.01.17"]
[SourceVersion "1"]
[SourceVersionDate "2024.01.17"]
[SourceQuality "1"]
[WhiteTeam "Kreuzberg"]
[BlackTeam "Lichtenberg Borussia"]
[WhiteTeamCountry "GER"]
[BlackTeamCountry "GER"]

1. d4 d5 2. c4 e6 3. Nf3 Nf6 4. Nc3 c6 5. e3 Bd6 6. Be2 Nbd7 7. 0-0 0-0 8. b3 dxc4 9. bxc4 Re8 10. Qb3 Nf8 11. Ba3 Bc7 12. Bd3 e5 13. Qc2 exd4 14. Nxd4 Ne6 15. Nf3 h6 16. Rfd1 Bd7 17. Ne4 Nxe4 18. Bxe4 Nf8 19. Bxf8 Rxf8 20. Bh7+ Kh8 21. Bf5 Bxf5 22. Qxf5 Qc8 23. Qxc8 Raxc8 24. Rab1 b6 25. Rd7 c5 26. a4 Kg8 27. h3 Rfd8 28. Rbd1 Rxd7 29. Rxd7 Kf8 30. Kf1 Ke8 31. Rd5 Rd8 32. e4 f6 33. Nh4 Kf7 34. Nf5 h5 35. Ke2 g6 36. Ne3 Ke6 37. a5 Rd6 38. Rxd6+ Kxd6 39. axb6 Bxb6 40. Nd5 Bd8 41. f4 a5 42. Kd3 h4 43. Ke3 g5 44. Kf3 Ke6 1/2-1/2

[Event "GER-chT U20 Girls"]
[Site "Muenster"]
[Date "2022.12.29"]
[Round "5"]
[White "Ludwig, Lea"]
[Black "Daoud, Shahnaz"]
[Result "1/2-1/2"]
[WhiteElo "1315"]
[BlackElo "1367"]
[PlyCount "81"]
[EventDate "2022.12.26"]
[EventType "team-swiss"]
[EventRounds "7"]
[EventCountry "GER"]
[SourceTitle "CBM 212 Extra"]
[Source "ChessBase"]
[SourceDate "2023.03.31"]
[SourceVersion "1"]
[SourceVersionDate "2023.03.31"]
[SourceQuality "1"]
[WhiteTeam "Lichtenberg Borussia"]
[BlackTeam "Lehrte"]
[WhiteTeamCountry "GER"]
[BlackTeamCountry "GER"]

1. d4 d5 2. Bf4 Nf6 3. e3 Bf5 4. Nf3 e6 5. h3 h6 6. Bd3 Bxd3 7. Qxd3 c6 8. c3 Bd6 9. Bh2 Qc7 10. Nbd2 Nbd7 11. e4 dxe4 12. Nxe4 Nxe4 13. Qxe4 Bxh2 14. Nxh2 0-0 15. 0-0 Nf6 16. Qe2 Rfe8 17. Nf3 Re7 18. Rfe1 Rae8 19. Ne5 Nd7 20. f4 Nf8 21. Qe3 Nd7 22. Qg3 Nxe5 23. fxe5 c5 24. Qe3 cxd4 25. cxd4 Qb6 26. Qf2 Rd8 27. Rad1 Red7 28. Re4 Rd5 29. Rf4 Rxe5 30. Rxf7 Rf5 31. Rxf5 exf5 32. Qd2 Kf7 33. b3 Kf6 34. Qe3 Qe6 35. Qe5+ Kf7 36. Qc7+ Rd7 37. Qc4 Qxc4 38. bxc4 b6 39. a4 g5 40. Kf2 a5 41. Kf3 1/2-1/2

[Event "GER-chT U20 Girls"]
[Site "Willingen"]
[Date "2021.06.25"]
[Round "3.6"]
[White "Neitzel, Emma"]
[Black "Ludwig, Lea"]
[Result "1/2-1/2"]
[WhiteElo "1029"]
[BlackElo "1222"]
[PlyCount "72"]
[EventDate "2021.06.23"]
[EventType "team-swiss"]
[EventRounds "7"]
[EventCountry "GER"]
[SourceTitle "CBM 203 Extra"]
[Source "ChessBase"]
[SourceDate "2021.09.30"]
[SourceVersion "1"]
[SourceVersionDate "2021.09.30"]
[SourceQuality "1"]
[WhiteTeam "Elmshorn"]
[BlackTeam "Lichtenberg Borussia II"]
[WhiteTeamCountry "GER"]
[BlackTeamCountry "GER"]

1. d4 d5 2. c4 e6 3. Nc3 c6 4. cxd5 exd5 5. a3 Nf6 6. Bg5 Bd6 7. e4 dxe4 8. Nxe4 Be7 9. Nxf6+ Bxf6 10. Bxf6 Qxf6 11. Nf3 0-0 12. Bd3 Re8+ 13. Be2 Be6 14. 0-0 Nd7 15. Re1 Qh6 16. Qc1 Qf6 17. Qc3 Bd5 18. Rad1 Nf8 19. Ne5 Ng6 20. Nxg6 Qxg6 21. Bf3 Be6 22. Be4 Qf6 23. Qf3 Qxf3 24. Bxf3 g6 25. h4 Rad8 26. d5 cxd5 27. Bxd5 Bxd5 28. Rxe8+ Rxe8 29. Rxd5 Re2 30. Rb5 Re1+ 31. Kh2 b6 32. Kg3 Re4 33. Rd5 Re7 34. f4 f5 35. Re5 Kf7 36. h5 Rd7 1/2-1/2

[Event "GER-ch U25-B"]
[Site "Willingen"]
[Date "2017.06.06"]
[Round "4"]
[White "Foos, Vanessa"]
[Black "Ludwig, Lea"]
[Result "1-0"]
[WhiteElo "935"]
[BlackElo "969"]
[PlyCount "115"]
[EventDate "2017.06.04"]
[EventType "swiss"]
[EventRounds "9"]
[EventCountry "GER"]
[SourceTitle "CBM 178 Extra"]
[Source "ChessBase"]
[SourceDate "2017.06.22"]
[SourceVersion "1"]
[SourceVersionDate "2017.06.22"]
[SourceQuality "1"]

1. e4 c5 2. d4 cxd4 3. c3 dxc3 4. Nxc3 Nf6 5. Nf3 e6 6. Bc4 d6 7. Bg5 Be7 8. 0-0 0-0 9. Qb3 Nc6 10. Rad1 Rb8 11. e5 Ne8 12. Bxe7 Qxe7 13. exd6 Nxd6 14. Bb5 Nxb5 15. Nxb5 a6 16. Nbd4 Bd7 17. Rfe1 Nxd4 18. Rxd4 Bc6 19. Red1 Rfd8 20. h3 h6 21. Qd3 Rxd4 22. Nxd4 Bd5 23. Nf5 Qf6 24. g4 Bxa2 25. Nd6 Qxb2 26. Nc4 Bxc4 27. Qxc4 Qb5 28. Qc7 Qe8 29. Rb1 b5 30. Qa7 Ra8 31. Qb6 Qb8 32. Qc6 g5 33. Ra1 a5 34. Rb1 b4 35. Qa4 Kg7 36. Ra1 Qa7 37. Qb3 Qb6 38. Qb2+ f6 39. Rd1 Ra7 40. Rd3 a4 41. Qd2 Qb7 42. Rd4 b3 43. Rb4 Qf3 44. Qd4 Ra6 45. Qd7+ Kg6 46. Rb7 Qxb7 47. Qxb7 Ra5 48. Kf1 a3 49. Qxb3 a2 50. Qc2+ f5 51. gxf5+ exf5 52. Qc6+ Kh5 53. Qf3+ g4 54. hxg4+ fxg4 55. Qf7+ Kh4 56. Qf6+ Kh3 57. Qxh6+ Rh5 58. Qxh5# 1-0

[Event "GER-chT U18 Girls"]
[Site "Karlsruhe"]
[Date "2015.05.09"]
[Round "4.2"]
[White "Kublanov, Elizabeth"]
[Black "Ludwig, Lea"]
[Result "1-0"]
[WhiteElo "1523"]
[BlackElo "800"]
[PlyCount "56"]
[EventDate "2015.05.07"]
[EventType "team-swiss"]
[EventRounds "7"]
[EventCountry "GER"]
[SourceTitle "EXT 2017"]
[Source "ChessBase"]
[SourceDate "2016.10.25"]
[SourceVersion "1"]
[SourceVersionDate "2016.10.25"]
[SourceQuality "1"]
[WhiteTeam "Humboldt Gymn (W)"]
[BlackTeam "Berlin Kollwith Gymn (W)"]
[WhiteTeamCountry "GER"]
[BlackTeamCountry "GER"]

1. d4 Nf6 2. c4 e5 3. dxe5 Ng4 4. Nf3 Nc6 5. Bf4 Bb4+ 6. Nbd2 Qe7 7. a3 Ncxe5 8. Bxe5 Nxe5 9. Nxe5 Bxd2+ 10. Qxd2 Qxe5 11. e3 0-0 12. Bd3 h6 13. 0-0 b6 14. f4 Qf6 15. Rf3 d6 16. Rg3 Qh4 17. Qc3 f6 18. Rf1 Be6 19. f5 Bd7 20. Rf4 Qh5 21. Qb3 Be8 22. Rh3 Qf7 23. Rg4 Bc6 24. Rxh6 g5 25. fxg6 Qg7 26. c5+ d5 27. Rh7 Qxh7 28. gxh7+ Kh8 1-0

[Event "GER-chT U18 Girls"]
[Site "Karlsruhe"]
[Date "2015.05.08"]
[Round "1.2"]
[White "Ludwig, Lea"]
[Black "Wesselly, Luisa"]
[Result "0-1"]
[WhiteElo "800"]
[BlackElo "1032"]
[PlyCount "96"]
[EventDate "2015.05.07"]
[EventType "team-swiss"]
[EventRounds "7"]
[EventCountry "GER"]
[SourceTitle "EXT 2017"]
[Source "ChessBase"]
[SourceDate "2016.10.25"]
[SourceVersion "1"]
[SourceVersionDate "2016.10.25"]
[SourceQuality "1"]
[WhiteTeam "Berlin Kollwith Gymn (W)"]
[BlackTeam "Koethen Ludwigs (W)"]
[WhiteTeamCountry "GER"]
[BlackTeamCountry "GER"]

1. d4 d5 2. Nf3 Nc6 3. c3 Bf5 4. e3 a6 5. c4 dxc4 6. Bxc4 e6 7. 0-0 Qf6 8. Nbd2 Qg6 9. g3 Bg4 10. Qa4 b5 11. Qb3 Na5 12. Qd1 Nxc4 13. Nxc4 bxc4 14. Qa4+ Kd8 15. Qc6 Bxf3 16. Qxf3 Rb8 17. Bd2 Qf5 18. Qc6 Qd5 19. Qxa6 Ra8 20. Qxc4 Qxc4 21. Rfc1 Qb5 22. e4 Bb4 23. Bg5+ Qxg5 24. Rc4 Ba5 25. b4 Bb6 26. a4 Qf6 27. e5 Qf3 28. a5 Ba7 29. Ra2 Rc8 30. Rd2 Qb3 31. Rdc2 Ne7 32. R2c3 Qd1+ 33. Kg2 Bxd4 34. Rc1 Qd2 35. R1c2 Qd3 36. a6 Qe4+ 37. Kf1 c6 38. Rd2 Qb1+ 39. Ke2 Nf5 40. Rd1 Qe4+ 41. Kd2 Qf3 42. Re1 Qxf2+ 43. Re2 Be3+ 44. Kd3 Qf1 45. Re4 Qd1+ 46. Kc3 Qc1+ 47. Kb3 Qd1+ 48. Ka3 Qxe2 0-1